000 01438nam a22003857a 4500
003 CHAP
005 20220817040932.0
008 971013s1991 r 00010 d
010 _a3001
011 _a3973
035 _a3174
040 _cCHAP
082 _a614.772
_bC6
110 _aColegio de Ingenieros Civiles de México. División Técnica del Medio Ambiente
_925059
245 _aAgua limpia
_b: estrategia nacional
260 _aMéxico, D. F. :
_bEl Colegio,
_c1991
300 _a126 p.
_b: ilus
490 _aCuadernos técnicos. Ingeniería y Medio Ambiente
_v; 3
500 _aD48-58
590 _aBATCH-UPD
_b10
_c20130110
_lUCH01
_h0140
590 _aBATCH-UPD
_b10
_c20130110
_lUCH01
_h1557
590 _aBATCH-UPD
_b10
_c20130409
_lUCH01
_h2139
590 _aBATCH-UPD
_b10
_c20130410
_lUCH01
_h0954
590 _aBATCH-UPD
_b10
_c20130914
_lUCH01
_h1649
590 _aCONVERSION
_b10
_c20130109
_lUCH01
_h1303
650 1 4 _aAgua
_xConservacion
_xMexico.
_92330
650 1 4 _aAgua
_xContaminacion
_xMexico.
_92359
650 1 4 _aPolítica hidráulica
_xMéxico.
_990663
710 0 _aInstituto Mexicano de Tecnología del Agua.
711 0 _aMesa Redonda sobre Ingeniería y Medio Ambiente (3 : 1991 : San Luis Potosí, S. L. P.)
_975081
830 0 _aCuadernos técnicos. Ingeniería y Medio Ambiente
_v; 3
_929882
901 _aBK
942 _cLIBRO
949 _a614.772 C6
_bBC
_cCONG
_d33724000012183
_eCONG
_h81021
_i3174
_mD
_si
999 _c3001
_d3001